| 000 | 00736nam a22002057a 4500 | ||
|---|---|---|---|
| 999 |
_c20589 _d20589 |
||
| 003 | AR-CdUCM | ||
| 008 | 190531b ||||| |||| 00| 0 spa d | ||
| 040 |
_aMUNICIPALIDAD PROVINCIAL DEL CUSCO _cBIBLIOTECA MUNICIPAL DEL CUSCO |
||
| 082 |
_a803.08 / _bAL472 |
||
| 100 |
_aAlvarado, Hernan _927492 |
||
| 245 |
_aCuentos clásicos : _bantología maestra de la literatura universal / |
||
| 260 |
_aLima : _bEds. Quipu, _c1992. |
||
| 300 |
_a166 páginas ; _c20 cm. |
||
| 505 | _aContenido: Cara perdida -- Bola de sebo -- EL hombre que sabía Javanés -- Somnolencia... | ||
| 650 |
_aCuento infantil _93319 |
||
| 650 |
_aColecciones _9607 |
||
| 650 |
_aAntologías literarias _943038 |
||
| 942 |
_2ddc _cLIBROS |
||
| 945 |
_adavv _d2019-05-31 |
||